| 000 | 00560nam a2200217Ia 4500 | ||
|---|---|---|---|
| 008 | 160621s9999 xx 000 0 und d | ||
| 020 | _a978-971-37-0321-7 | ||
| 050 | _aComSc TK 7885 | ||
| 050 | _b.M37 2007 c.1 | ||
| 100 | _aMarcelo, Antoinette. | ||
| 245 | _aUnderstanding PC hardware / | ||
| 245 | _cAntoinette R. Marcelo. | ||
| 260 | _aManila : | ||
| 260 | _bJemma Inc., | ||
| 260 | _c2007 | ||
| 300 | _a222 pages : | ||
| 300 | _billustrations ; | ||
| 300 | _c26 cm. | ||
| 500 | _aInclude bibliographical references. | ||
| 650 | _aComputers. | ||
| 999 |
_c296120 _d296120 |
||